|
|
|
|
| LEADER |
00000nta a2200000 i 4500 |
| 001 |
dolg34087 |
| 005 |
20210709050811.0 |
| 008 |
210709suuuu hu om 000 eng d |
| 040 |
|
|
|a BGE Dolgozattár Repozitórium
|b hun
|
| 041 |
|
|
|a en
|
| 100 |
1 |
|
|a Szabó Balázs
|
| 245 |
1 |
0 |
|a Online marketing in the clothes industry
|b Which online marketing channel(s) should be used to attract online customers to PUMA's webshop?
|c Szabó Balázs
|h [elektronikus dokumentum]
|
| 695 |
|
|
|a Online marketing
|
| 695 |
|
|
|a Marketing eszközök
|
| 700 |
1 |
|
|a Gulyásné Dr. Csekő Katalin
|e ths
|
| 700 |
1 |
|
|a Bergers Steven
|e ths
|
| 856 |
4 |
0 |
|u http://dolgozattar.uni-bge.hu/34087/1/D_16203_ABPTZW%20-%20Szab%C3%B3%20Bal%C3%A1zs.pdf
|z Dokumentum-elérés
|